00844nam a2200241 a 450000100100000000500170001000800410002702000150006804000250008304100380010808200190014610000330016524000340019824500740023226000340030630000170034053400820035750000420043965000220048165000360050365100370053970000260057600001203320250218125614.0091103s1998 mx 001 f spa d a9681905245 aDO-SdBNPbspacBNPHU17aspahpor2Código de idioma MARC aB869.34bS243v1 aSaramago, José,d1922-201010aViagem a Portugal.lEspañol10aViaje a Portugal /cJosé Saramago ; traducción de Basilio Losada. aMéxico :bAlfaguara,c1998. a364 ;c24cm. pTítulo original en portugués:tViagem a portugalcLisboa : Caminho, 1998. aPrimera reimpresión, diciembre 1998 4aNovela portuguesa 4aLiteratura portuguesaySIGLO XX 4aPortugalxDescripciones Y Viajes1 aLosada, Basilio,etr.